00327nam a2200109Ia 4500008004100000082000800041100001300049245003800062942000600100952009600106999001500202240331s9999 xx 000 0 und d bWOM aLogo. ed 0aWoman :bideological perspectives cL 001040708LaWERCLbWERCLcSSCd2024-03-31l0o 305.4 WOMp210r2024-03-31w2024-03-31yL c1733d1733